[Event "WYg14"]
[Site "Heraklio GRE"]
[Date "2002.11.17"]
[Round "4"]
[White "Malysheva,P"]
[Black "Pertlova,S"]
[Result "1-0"]
[WhiteElo "2110"]
[BlackElo "2011"]
[EventDate "2002.11.15"]

1. e4 d5 2. exd5 Nf6 3. d4 Nxd5 4. c4 Nb6 5. Nf3 Bg4 6. c5 N6d7 7. Bc4 e6
8. Nc3 Nc6 9. h3 Bxf3 10. gxf3 Qh4 11. Ne4 h6 12. Be3 O-O-O 13. b4 Nxb4 14.
Qa4 Nc6 15. d5 Nde5 16. Be2 Qh5 17. dxc6 Nxf3+ 18. Bxf3 Qxf3 19. cxb7+ Kb8
20. c6 Bb4+ 21. Qxb4 1-0

[Event "WYg14"]
[Site "Heraklio GRE"]
[Date "2002.11.17"]
[Round "4"]
[White "Umudova,M"]
[Black "Majdan,J"]
[Result "0-1"]
[WhiteElo "1848"]
[BlackElo "2112"]
[EventDate "2002.11.15"]

1. e4 c5 2. Nf3 d6 3. d4 cxd4 4. Nxd4 Nf6 5. Nc3 g6 6. Be3 Bg7 7. f3 O-O 8.
Qd2 Nc6 9. Bc4 Bd7 10. h4 Rc8 11. Bb3 Ne5 12. O-O-O Nc4 13. Bxc4 Rxc4 14.
h5 Nxh5 15. g4 Nf6 16. Bh6 Nxe4 17. Qe3 Rxc3 18. bxc3 Nf6 19. Bxg7 Kxg7 20.
Qh6+ Kh8 21. Ne2 Rg8 22. Rdg1 Qa5 23. f4 Rg7 24. Qh4 Qxa2 25. f5 Ne4 26.
Kd1 Qa1+ 27. Nc1 Qxc3 28. Nb3 Qe3 0-1

[Event "WYg14"]
[Site "Heraklio GRE"]
[Date "2002.11.18"]
[Round "5"]
[White "Yanjindulan,D"]
[Black "Ambartsumova,K"]
[Result "0-1"]
[WhiteElo "2154"]
[BlackElo "2139"]
[EventDate "2002.11.15"]

1. e4 e6 2. d4 d5 3. exd5 exd5 4. Nf3 Nf6 5. Bd3 Bd6 6. Nc3 O-O 7. O-O Bg4
8. Bg5 c6 9. h3 Bh5 10. Be2 Nbd7 11. Ne5 Bxe2 12. Qxe2 Qb6 13. Nxd7 Nxd7
14. Qd3 Qxb2 15. Rab1 Qa3 16. Rxb7 Nb6 17. Rb1 Rae8 18. f3 Bb8 19. Bd2 Qd6
20. f4 Nc4 21. Ne2 a5 22. Rf1 Re4 23. Bc1 Rfe8 24. Ng3 Re1 25. Qf5 Bc7 26.
Kf2 Qe7 27. Qd3 g6 28. Rb1 Rxc1 29. Rbxc1 Bxf4 30. Rfe1 Be3+ 31. Rxe3 Qxe3+
32. Qxe3 Rxe3 33. c3 Rd3 34. Nf1 a4 35. Ke2 Nb2 36. a3 Kf8 37. Rc2 Ke7 38.
Ne3 Rxe3+ 39. Kxe3 Nc4+ 40. Kd3 Ke6 41. g4 Kf6 42. Rf2+ Ke6 43. g5 Nxa3 44.
Rf6+ Ke7 45. Rxc6 Nc4 46. Ra6 a3 47. Kc2 Kf8 48. Kb3 Kg7 49. Kb4 h6 50.
gxh6+ Kxh6 51. Kc5 Ne3 52. Rxa3 f5 53. Ra6 Kg5 54. h4+ Kxh4 55. Rxg6 f4 56.
Rf6 Kg3 57. Kb4 f3 58. c4 Nxc4 59. Rg6+ Kf2 60. Re6 0-1

[Event "WYg14"]
[Site "Heraklio GRE"]
[Date "2002.11.18"]
[Round "5"]
[White "Krutika,N"]
[Black "Khotenashvili,B"]
[Result "1/2-1/2"]
[WhiteElo "2125"]
[BlackElo "2119"]
[EventDate "2002.11.15"]

1. e4 c6 2. d4 d5 3. exd5 cxd5 4. c4 Nf6 5. Nc3 e6 6. Nf3 Be7 7. cxd5 Nxd5
8. Bd3 Nc6 9. O-O O-O 10. Re1 a6 11. a3 Re8 12. Bc2 Nxc3 13. bxc3 Bf6 14.
Qd3 g6 15. Bf4 b5 16. Qe3 Ne7 17. Be4 Nd5 18. Bxd5 Qxd5 19. Be5 Bg7 20.
Bxg7 Kxg7 21. Ne5 Bb7 22. f3 h5 23. Nd3 Qd6 24. Nc5 Bd5 25. f4 Bc6 26. Qg3
a5 27. Re5 b4 28. h3 bxc3 29. Qxc3 Bd5 30. Rae1 Reb8 31. R1e2 Rb6 32. Ne4
Qd8 33. Nc5 Rc8 34. Qd2 Rb1+ 35. Kh2 Rcb8 36. Qe3 R8b2 37. Qf2 Rxe2 38.
Rxe2 Ra1 39. Qg3 Qb8 40. h4 Qb1 41. Qe3 Qh1+ 42. Kg3 Rg1 43. Qd2 Rd1 44.
Qe3 Rg1 45. Qd2 Rd1 46. Qe3 Rg1 47. Qd2 Rd1 48. Qe3 Re1 49. Qd2 Rg1 1/2-1/2

[Event "WYg14"]
[Site "Heraklio GRE"]
[Date "2002.11.18"]
[Round "5"]
[White "Rogule,L"]
[Black "Cochet,C"]
[Result "1-0"]
[WhiteElo "2213"]
[BlackElo "2043"]
[EventDate "2002.11.15"]

1. e4 c5 2. Nc3 Nc6 3. g3 g6 4. Bg2 Bg7 5. d3 e6 6. Be3 d6 7. Qd2 Nge7 8.
Nge2 Nd4 9. O-O O-O 10. Rae1 Nec6 11. f4 Rb8 12. g4 f5 13. gxf5 exf5 14.
Nd5 Be6 15. c3 Nxe2+ 16. Rxe2 b5 17. Rfe1 Re8 18. Bf2 Qd7 19. exf5 gxf5 20.
Bh4 Qf7 21. Ne7+ Nxe7 22. Rxe6 Bf8 23. Qe3 1-0

[Event "WYg14"]
[Site "Heraklio GRE"]
[Date "2002.11.18"]
[Round "5"]
[White "Ross,L"]
[Black "Pourkashiyan,A"]
[Result "0-1"]
[WhiteElo "2096"]
[BlackElo "2161"]
[EventDate "2002.11.15"]

1. e4 e5 2. Nf3 Nf6 3. Nxe5 d6 4. Nf3 Nxe4 5. Bd3 d5 6. Qe2 Qe7 7. O-O Nc5
8. Re1 Qxe2 9. Bxe2 Be7 10. d4 Ne4 11. Bd3 Nd6 12. Bf4 Be6 13. Ng5 Bxg5 14.
Bxg5 Nc6 15. c3 O-O 16. Bf4 Rad8 17. Na3 Ne7 18. Nb5 Nxb5 19. Bxb5 c6 20.
Bg5 Rfe8 21. Bd3 h6 22. Bxe7 Rxe7 23. Re3 Rde8 24. Rae1 Kf8 25. f4 Bd7 26.
Kf2 Rxe3 27. Rxe3 Rxe3 28. Kxe3 Ke7 29. h3 h5 30. h4 Kf6 31. g3 g6 32. Bc2
Bf5 33. Bxf5 Kxf5 34. Kf3 a5 35. Ke3 Kg4 36. Kf2 b5 37. b4 a4 38. a3 Kh3
39. Kf3 f5 40. Kf2 Kh2 41. Kf3 Kg1 42. g4 hxg4+ 0-1

[Event "WYg14"]
[Site "Heraklio GRE"]
[Date "2002.11.18"]
[Round "5"]
[White "Arutyunova,D"]
[Black "Shmirina,E"]
[Result "0-1"]
[WhiteElo "2225"]
[BlackElo "2048"]
[EventDate "2002.11.15"]

1. e4 e6 2. d4 d5 3. Nc3 Bb4 4. Nge2 dxe4 5. a3 Bxc3+ 6. Nxc3 Nf6 7. Bg5
Nc6 8. Bb5 Bd7 9. Nxe4 h6 10. Nxf6+ gxf6 11. Bh4 Rg8 12. c3 a6 13. Bd3 Ne7
14. Bxf6 Bc6 15. Rg1 Qd7 16. f3 O-O-O 17. Qe2 Kb8 18. O-O-O Rc8 19. Qd2 Nd5
20. Qxh6 Ba4 21. Rde1 c5 22. Kd2 cxd4 23. Bxd4 Rgd8 24. Qh7 Ka8 25. h4 Nf4
26. Bc2 Bxc2 27. Qxc2 Qb5 28. Re4 e5 29. a4 Rxd4+ 30. Kc1 Qc5 31. Kb1 Rxe4
32. Qxe4 Qxg1+ 33. Ka2 Qxg2 34. h5 Nxh5 35. Qf5 Rh8 36. Qxe5 f6 37. Qd5 Nf4
0-1

[Event "WYg14"]
[Site "Heraklio GRE"]
[Date "2002.11.18"]
[Round "5"]
[White "Gurchumalidze,T"]
[Black "Klimets,E"]
[Result "1-0"]
[WhiteElo "2124"]
[BlackElo "2041"]
[EventDate "2002.11.15"]

1. d4 d5 2. c4 c6 3. Nf3 Nf6 4. e3 a6 5. Bd3 Bg4 6. Nbd2 b5 7. b3 e6 8. O-O
Be7 9. Qc2 Bxf3 10. Nxf3 Nbd7 11. Bb2 O-O 12. Ne5 Rc8 13. Rac1 h6 14. cxb5
cxb5 15. Nc6 Qe8 16. Qb1 Bd6 17. Rc2 Nb8 18. Ne5 Qe7 19. Rfc1 Qb7 20. a3
Nfd7 21. Bh7+ Kh8 22. Nxf7+ Rxf7 23. Rxc8+ Nf8 24. Bg6 Rf6 25. Bh5 Qe7 26.
Re8 Qb7 27. Qc2 g6 28. Bf3 Qf7 29. Rc8 g5 30. Qe2 g4 31. Bxg4 Bxh2+ 32. Kf1
Nbd7 33. Bh5 Qg7 34. Qg4 Bg3 35. f3 Qxg4 36. Bxg4 Kh7 37. Ke2 Kg6 38. Rh1
Nb6 39. Rc6 Nfd7 40. Rxe6 Rxe6 41. Bxe6 Nf8 42. Bg4 Bd6 43. e4 Bf4 44. Bc1
Bd6 45. Rxh6+ 1-0

[Event "WYg14"]
[Site "Heraklio GRE"]
[Date "2002.11.18"]
[Round "5"]
[White "Majdan,J"]
[Black "Nebolsina,V"]
[Result "1/2-1/2"]
[WhiteElo "2112"]
[BlackElo "2040"]
[EventDate "2002.11.15"]

1. e4 e5 2. Nf3 Nf6 3. d4 Nxe4 4. Bd3 Nc6 5. Bxe4 d5 6. Bg5 Qd6 7. dxe5
Qb4+ 8. Nc3 dxe4 9. a3 Qa5 10. Nd4 f6 11. Nxc6 bxc6 12. Bf4 f5 13. b4 Qa6
14. Qd4 Be6 15. Ne2 Be7 16. Qc3 O-O 17. Nd4 Bd5 18. h4 Qb6 19. Bg5 Rae8 20.
Rd1 h6 21. Qh3 c5 22. Bxe7 Rxe7 23. Nxf5 Rxe5 24. Rxd5 Rfxf5 25. Rd8+ Kh7
26. O-O e3 27. Qg3 cxb4 28. Rd7 exf2+ 29. Kh2 Qg6 30. axb4 Re1 31. Rxf2
Rh1+ 32. Kxh1 Qxg3 33. Rxf5 Qxh4+ 34. Kg1 Qxb4 35. Rff7 Qe1+ 36. Kh2 Qh4+
37. Kg1 Qg3 38. Rxc7 a5 39. Ra7 Qe1+ 40. Kh2 Qc3 41. Rf5 Qxc2 1/2-1/2

[Event "WYg14"]
[Site "Heraklio GRE"]
[Date "2002.11.18"]
[Round "5"]
[White "Siti,Z"]
[Black "Leks,H"]
[Result "1-0"]
[WhiteElo "2019"]
[BlackElo "2096"]
[EventDate "2002.11.15"]

1. e4 e5 2. Nf3 Nf6 3. d4 exd4 4. e5 Ne4 5. Qxd4 d5 6. exd6 Nxd6 7. Bd3 Nc6
8. Qf4 Be7 9. Bd2 Bf6 10. Bc3 Qe7+ 11. Kd2 Bxc3+ 12. Nxc3 Be6 13. Rae1 h6
14. h4 O-O-O 15. Kc1 Qd7 16. Ne5 Nxe5 17. Rxe5 Kb8 18. Rhe1 Rhe8 19. f3 f6
20. R5e2 Bf7 21. a3 Rxe2 22. Rxe2 Re8 23. g4 Rxe2 24. Nxe2 Qe6 25. Kd2 g5
26. hxg5 fxg5 27. Qd4 a6 28. b3 Be8 29. Qg7 c5 30. Qf8 Ka7 31. Ng3 b6 32.
Qg7+ Bf7 33. Nf5 Nxf5 34. gxf5 Qe7 35. Bc4 Qd7+ 36. Kc1 Be8 37. Qxd7+ Bxd7
38. f6 Be8 39. f7 Bxf7 40. Bxf7 Kb7 41. Kd2 1-0

[Event "WYg14"]
[Site "Heraklio GRE"]
[Date "2002.11.18"]
[Round "5"]
[White "Shen Yang"]
[Black "Gunina,V"]
[Result "1-0"]
[WhiteElo "2038"]
[BlackElo "2146"]
[EventDate "2002.11.15"]

1. e4 c6 2. d4 d5 3. Nd2 dxe4 4. Nxe4 Bf5 5. Ng3 Bg6 6. h4 h6 7. Nf3 Nd7 8.
h5 Bh7 9. Bd3 Bxd3 10. Qxd3 Ngf6 11. Bf4 e6 12. O-O-O Nd5 13. Bd2 Bd6 14.
Ne4 Bc7 15. c4 N5f6 16. Kb1 O-O 17. Rdg1 Nxe4 18. Qxe4 Nf6 19. Qe2 b5 20.
g4 bxc4 21. g5 hxg5 22. Rxg5 c3 23. Bxc3 Bf4 24. Rg2 Qd5 25. Rhg1 Bh6 26.
Ne5 Qe4+ 27. Qxe4 Nxe4 28. Nxc6 Kh7 29. Kc2 Rfc8 30. Nb4 Nxc3 31. bxc3 Rc4
32. Nd3 Rd8 33. Rg4 f5 34. Ne5 Ra4 35. Kb3 Ra6 36. Rg6 Rb8+ 37. Kc4 Ra4+
38. Kd3 Rb2 39. f4 Raxa2 40. Rxe6 Re2 41. Ng6 Rxe6 42. Nf8+ Kg8 43. Nxe6
Rh2 44. d5 Kf7 45. Kd4 Rxh5 46. Ke5 g6 47. Ra1 g5 48. Rxa7+ Kg6 49. fxg5
Bxg5 50. Nf8+ 1-0

[Event "WYg14"]
[Site "Heraklio GRE"]
[Date "2002.11.19"]
[Round "6"]
[White "Pourkashiyan,A"]
[Black "Rogule,L"]
[Result "0-1"]
[WhiteElo "2161"]
[BlackElo "2213"]
[EventDate "2002.11.15"]

1. e4 c5 2. Nf3 d6 3. d4 cxd4 4. Nxd4 Nf6 5. Nc3 a6 6. Be2 e5 7. Nb3 Be7 8.
O-O O-O 9. Bg5 Nbd7 10. Qd2 b5 11. Nd5 Nxd5 12. Qxd5 Nb6 13. Bxe7 Qxe7 14.
Qc6 Rb8 15. Rad1 Rd8 16. Na5 Be6 17. a4 Nxa4 18. b3 Nc5 19. Bf3 Rbc8 20.
Qb6 Qc7 21. Qxc7 Rxc7 22. Rd2 Kf8 23. Rfd1 Ke7 24. g4 f6 25. h4 Bf7 26. b4
Na4 27. Nb3 Rc3 28. Na5 Rc7 29. Kg2 Nc3 30. Ra1 Na2 31. Rb1 Rdc8 32. c4 Nc3
33. Ra1 Na4 34. Rad1 bxc4 35. Ra1 c3 36. Rda2 Nb6 37. Be2 d5 38. Bxa6 Rd8
39. exd5 Bxd5+ 40. Kg1 Be4 41. Rc1 Rd4 42. b5 Bf3 43. g5 Rxh4 44. Nc6+ Rxc6
0-1

[Event "WYg14"]
[Site "Heraklio GRE"]
[Date "2002.11.19"]
[Round "6"]
[White "Ambartsumova,K"]
[Black "Krutika,N"]
[Result "1/2-1/2"]
[WhiteElo "2139"]
[BlackElo "2125"]
[EventDate "2002.11.15"]

1. e4 e5 2. Nf3 Nc6 3. d4 exd4 4. Nxd4 Nf6 5. Nxc6 bxc6 6. e5 Qe7 7. Qe2
Nd5 8. c4 Ba6 9. b3 g6 10. g3 Bg7 11. Bb2 O-O 12. Bg2 Rae8 13. O-O Nb6 14.
Re1 f6 15. Qe3 Qe6 16. Nd2 fxe5 17. Nf3 d5 18. cxd5 cxd5 19. Nxe5 Qd6 20.
Rac1 Rf5 21. f4 g5 22. Bh3 Rff8 23. fxg5 Bb5 24. Qc5 Bxe5 25. Bxe5 Rxe5 26.
Qxb5 Rxg5 27. Qd3 Re5 28. Qd4 Rxe1+ 29. Rxe1 c5 30. Qd3 Qf6 31. Rf1 Qe7 32.
Bf5 Re8 33. Kh1 d4 34. Rf4 Qe1+ 35. Rf1 Qe7 1/2-1/2

[Event "WYg14"]
[Site "Heraklio GRE"]
[Date "2002.11.19"]
[Round "6"]
[White "Khotenashvili,B"]
[Black "Siti,Z"]
[Result "1-0"]
[WhiteElo "2119"]
[BlackElo "2019"]
[EventDate "2002.11.15"]

1. d4 Nf6 2. Nf3 g6 3. g3 Bg7 4. Bg2 O-O 5. O-O d6 6. Nbd2 c6 7. h3 Nbd7 8.
b3 e5 9. dxe5 dxe5 10. e4 b6 11. Ba3 c5 12. Qe2 Bb7 13. Bb2 Qc7 14. Rad1
Rfe8 15. Nh4 Nf8 16. Nc4 Ba6 17. f4 Nh5 18. Qf3 Bxc4 19. bxc4 exf4 20. Bxg7
Kxg7 21. gxf4 Rad8 22. e5 Ne6 23. Nf5+ gxf5 24. Qxh5 Rxd1 25. Qxd1 Qd8 26.
Qxd8 Rxd8 27. Bd5 Nc7 28. Kf2 Nxd5 29. Rd1 b5 30. cxd5 Kf8 31. d6 a6 32.
Kf3 h6 33. Rd5 c4 34. Ke3 Ke8 35. Rc5 Rb8 36. Kd4 Rb7 37. Rc8+ Kd7 38. Rh8
1-0

[Event "WYg14"]
[Site "Heraklio GRE"]
[Date "2002.11.19"]
[Round "6"]
[White "Shmirina,E"]
[Black "Gurchumalidze,T"]
[Result "1/2-1/2"]
[WhiteElo "2048"]
[BlackElo "2124"]
[EventDate "2002.11.15"]

1. e4 c5 2. Nf3 e6 3. d4 cxd4 4. Nxd4 Nc6 5. Nxc6 bxc6 6. Nc3 Qc7 7. Bd3
Nf6 8. Qe2 e5 9. O-O Be7 10. Kh1 d6 11. f4 h6 12. b3 O-O 13. Bb2 Re8 14.
Rae1 Bd8 15. fxe5 dxe5 16. Nd1 Bg4 17. Qf2 Bxd1 18. Rxd1 Qe7 19. Qe2 Bc7
20. Rf5 g6 21. Rff1 Kg7 22. Rf3 Nh7 23. Bc4 f6 24. Rfd3 Rad8 25. Qg4 Rxd3
26. Rxd3 Rd8 27. Rxd8 Qxd8 28. Bc3 h5 29. Qe2 Bb6 30. Qd2 Ng5 31. Qxd8 Bxd8
32. Bd3 Bb6 33. g3 Kf7 34. Kg2 Ke7 35. Bb4+ Kd7 36. c3 Ke6 37. h4 Nh7 38.
Bc4+ Kd7 39. Bf7 c5 40. Ba3 Nf8 41. Kf3 Ke7 42. Bc4 Nd7 43. Ke3 f5 44. Bd3
Kf6 45. c4 Ke6 46. Bc1 Ba5 47. Kf3 Nf6 48. Be3 Bb4 49. Bc1 Bc3 50. Be3
1/2-1/2

[Event "WYg14"]
[Site "Heraklio GRE"]
[Date "2002.11.19"]
[Round "6"]
[White "Yildiz,B"]
[Black "Chulivska,V"]
[Result "1/2-1/2"]
[WhiteElo "2117"]
[BlackElo "2050"]
[EventDate "2002.11.15"]

1. d4 Nf6 2. Nf3 e6 3. Nbd2 d5 4. e3 c5 5. c3 Nc6 6. Bd3 Bd6 7. O-O O-O 8.
dxc5 Bxc5 9. e4 e5 10. exd5 Qxd5 11. Bc4 Qd6 12. Qe2 Bf5 13. Nb3 Bb6 14.
Be3 e4 15. Nfd4 Ng4 16. g3 Nxe3 17. fxe3 Bg6 18. Rad1 Ne5 19. Ne6 Qe7 20.
Nxf8 Kxf8 21. Nd4 Qg5 22. Bb3 Bh5 23. Qf2 Bxd1 24. Bxd1 Nc4 25. Re1 Ne5 26.
Rf1 Nc4 27. Re1 Ne5 28. Rf1 1/2-1/2

[Event "WYg14"]
[Site "Heraklio GRE"]
[Date "2002.11.19"]
[Round "6"]
[White "Cochet,C"]
[Black "Majdan,J"]
[Result "0-1"]
[WhiteElo "2043"]
[BlackElo "2112"]
[EventDate "2002.11.15"]

1. e4 c5 2. Nc3 Nc6 3. f4 g6 4. Nf3 Bg7 5. Bb5 Nd4 6. O-O e6 7. f5 a6 8.
fxe6 fxe6 9. Be2 Nh6 10. d3 O-O 11. Nxd4 Bxd4+ 12. Kh1 Nf7 13. Qe1 b6 14.
Qg3 Qe7 15. Nd1 Bb7 16. c3 Bg7 17. Ne3 b5 18. Bf3 a5 19. Ng4 d6 20. h4 b4
21. Bd2 Kh8 22. Qh3 h5 23. Nf2 Ne5 24. Qg3 Nxf3 25. gxf3 Kh7 26. Rg1 Qf7
27. Nh3 Bf6 28. Raf1 Rad8 29. Rg2 e5 30. c4 Bc8 31. Ng5+ Bxg5 32. Qxg5 Qg7
33. Rfg1 Rg8 34. a3 Rdf8 35. Rg3 Rf6 36. axb4 axb4 37. Ra1 Rgf8 38. Ra8 Bd7
39. Ra7 R8f7 40. Ra6 Rxf3 41. Rxf3 Rxf3 42. Rxd6 Be8 43. Re6 Bf7 44. Rd6
Be8 45. Re6 Bf7 46. Rxe5 Rxd3 47. Rxc5 Be6 48. e5 Bf5 49. Bxb4 Qb7+ 50. Kg1
Rd1+ 51. Kf2 Bg4 52. Qf6 Rd3 53. Qc6 Qxb4 0-1

[Event "WYg14"]
[Site "Heraklio GRE"]
[Date "2002.11.19"]
[Round "6"]
[White "Leks,H"]
[Black "Shen Yang"]
[Result "0-1"]
[WhiteElo "2096"]
[BlackElo "2038"]
[EventDate "2002.11.15"]

1. e4 e5 2. Nf3 Nc6 3. d4 exd4 4. Bc4 Bc5 5. O-O d6 6. Bb5 Bg4 7. Qd3 Qf6
8. b4 Bxb4 9. Nxd4 Nge7 10. Bb2 Qg6 11. h3 Bd7 12. f4 Bc5 13. Kh1 Nxd4 14.
Bxd4 Bxd4 15. Bxd7+ Kxd7 16. Qxd4 Nc6 17. Qd3 Rae8 18. Nd2 Re7 19. Rab1 Rb8
20. Rb3 Kc8 21. Rb5 h6 22. c3 a6 23. Rb2 Qe6 24. Qg3 f5 25. Re1 fxe4 26.
Rxe4 Qf6 27. Rxe7 Qxe7 28. Qd3 Qf8 29. Qf3 Ne7 30. Nc4 Qf7 31. Ne3 c6 32.
Rd2 Kc7 33. Qe4 Rf8 34. g3 Re8 35. Qd4 Nc8 36. a4 Qe6 37. Ng4 Qe4+ 38. Kg1
Qxd4+ 39. Rxd4 c5 40. Rd2 Nb6 41. a5 Nc4 42. Ra2 h5 0-1

[Event "WYg14"]
[Site "Heraklio GRE"]
[Date "2002.11.21"]
[Round "7"]
[White "Rogule,L"]
[Black "Yanjindulan,D"]
[Result "1-0"]
[WhiteElo "2213"]
[BlackElo "2154"]
[EventDate "2002.11.15"]

1. e4 e5 2. Nf3 Nf6 3. Nxe5 d6 4. Nc4 Nxe4 5. Nc3 Nf6 6. d4 d5 7. Ne5 Be7
8. Bd3 O-O 9. O-O Nc6 10. Ne2 Bd6 11. f4 Nb4 12. Ng3 Nxd3 13. Qxd3 Ne4 14.
Nxe4 Bf5 15. Qb3 Bxe4 16. Qxb7 f6 17. Nc6 Qd7 18. Rf2 Rae8 19. Bd2 Bxc2 20.
Nxa7 Qf5 21. Qc6 Bd3 22. Qc3 Rb8 23. Nc6 Rb6 24. Re1 Be4 25. b4 Qd7 26. Rc1
Ra8 27. a3 Rba6 28. Na5 Qb5 29. f5 Qd7 30. Bf4 R8a7 31. Bxd6 Qxd6 32. a4
Rxa5 33. bxa5 Qd7 34. Qc5 c6 35. Rb2 Bxf5 36. Qxc6 Qxc6 37. Rxc6 Rxa5 38.
Rb4 Ra7 39. Rc5 Be4 40. a5 Kf7 41. Rb6 Kg6 42. a6 Bd3 43. Rxd5 Rxa6 44.
Rxa6 Bxa6 45. Kf2 Bc4 46. Ra5 f5 47. Ke3 Kf6 48. Rc5 Bf1 49. g3 Bg2 50. h4
h6 51. h5 Be4 52. Kf4 Ke6 53. g4 Bd5 54. Rxd5 Kxd5 55. Kxf5 Kxd4 56. Kg6
1-0

[Event "WYg14"]
[Site "Heraklio GRE"]
[Date "2002.11.21"]
[Round "7"]
[White "Khotenashvili,B"]
[Black "Ambartsumova,K"]
[Result "1-0"]
[WhiteElo "2119"]
[BlackElo "2139"]
[EventDate "2002.11.15"]

1. e4 e6 2. d4 d5 3. exd5 exd5 4. Bd3 Nc6 5. c3 Bd6 6. h3 Be6 7. Be3 Qd7 8.
Qc2 Nge7 9. Nd2 Bf5 10. O-O-O O-O 11. Ne2 b5 12. Nb3 Bxd3 13. Qxd3 Rab8 14.
g4 a5 15. f4 b4 16. c4 dxc4 17. Qxc4 a4 18. Nc5 Bxc5 19. dxc5 Qe6 20. Qxe6
fxe6 21. Nd4 Nxd4 22. Rxd4 Nd5 23. Bd2 c6 24. Re1 Kf7 25. Ree4 Nf6 26. Re5
Nd5 27. Rc4 Rb5 28. Kd1 Rd8 29. Ke2 Ra8 30. Kf3 Raa5 31. f5 exf5 32. Rxf5+
Kg8 33. Be1 h6 34. h4 Rxc5 35. Rxc5 Rxc5 36. Bxb4 Rc4 37. Ba3 Rd4 38. Rf8+
Kh7 39. Rc8 Nb4 40. Rc7 Rc4 41. h5 Rd4 42. Ra7 c5 43. Rxa4 Nxa2 44. Rxd4
cxd4 45. Ke4 g6 46. Kxd4 gxh5 47. gxh5 Kg7 48. b3 Kf6 49. Kd3 Kg5 50. Kc2
Kxh5 51. Kb2 1-0

[Event "WYg14"]
[Site "Heraklio GRE"]
[Date "2002.11.21"]
[Round "7"]
[White "Shen Yang"]
[Black "Pourkashiyan,A"]
[Result "1-0"]
[WhiteElo "2038"]
[BlackElo "2161"]
[EventDate "2002.11.15"]

1. e4 e5 2. Nf3 Nf6 3. Nxe5 d6 4. Nf3 Nxe4 5. c4 Be7 6. Nc3 Nxc3 7. dxc3
O-O 8. Be2 Nd7 9. Bf4 Nc5 10. O-O c6 11. Qc2 Be6 12. Rad1 Qd7 13. Nd4 Rad8
14. Rfe1 d5 15. b4 Ne4 16. f3 Nd6 17. Bd3 h6 18. Qc1 Bf6 19. c5 Nf5 20.
Nxe6 fxe6 21. Bb1 g5 22. Be5 Qg7 23. f4 Bxe5 24. Rxe5 Nh4 25. Rxe6 gxf4 26.
Qc2 f3 27. g3 f2+ 28. Kf1 Rde8 29. Rxe8 Rxe8 30. Kxf2 Qf7+ 31. Kg1 Nf3+ 32.
Kh1 Ng5 33. Qg6+ Qxg6 34. Bxg6 Re2 35. Rf1 Rxa2 36. h4 Ne4 37. Bxe4 dxe4
38. Re1 Rc2 39. Rxe4 Rxc3 40. Re8+ Kf7 41. Rb8 Rxg3 42. Rxb7+ Ke6 43. Rc7
Kd5 44. Rxa7 Rh3+ 45. Kg2 Rxh4 46. Rb7 Rc4 47. Kf3 Rc3+ 48. Kf4 h5 49. Kg5
Rh3 50. Kf6 h4 51. Ke7 Re3+ 52. Kd8 Kc4 53. Kd7 Kd5 54. Rb8 h3 55. Rh8 Rg3
56. Rh5+ Kc4 57. Kxc6 Kxb4 58. Kb6 Kc4 59. c6 Rb3+ 60. Kc7 Kd4 61. Kd7 Ke4
62. c7 Rd3+ 63. Ke6 Rc3 64. Rh4+ 1-0

[Event "WYg14"]
[Site "Heraklio GRE"]
[Date "2002.11.21"]
[Round "7"]
[White "Krutika,N"]
[Black "Shmirina,E"]
[Result "0-1"]
[WhiteElo "2125"]
[BlackElo "2048"]
[EventDate "2002.11.15"]

1. e4 e6 2. d4 d5 3. e5 c5 4. c3 Nc6 5. Nf3 Qb6 6. a3 c4 7. Nbd2 f6 8. exf6
Nxf6 9. g3 Bd6 10. h4 O-O 11. Bg2 e5 12. dxe5 Nxe5 13. Nxe5 Bxe5 14. Nf3
Bg4 15. O-O Rad8 16. Qe1 Bd6 17. Nd4 Bc5 18. Be3 Kh8 19. Qd2 Ne4 20. Qc2
Rde8 21. Rae1 Bh5 22. Kh2 Qg6 23. Bxe4 dxe4 24. Ne6 Qxe6 25. Bxc5 Rf5 26.
Bd4 Bf3 27. Qd2 Ref8 28. Qe3 Rh5 29. Bc5 Qf6 30. Qg5 Qxg5 0-1

[Event "WYg14"]
[Site "Heraklio GRE"]
[Date "2002.11.21"]
[Round "7"]
[White "Majdan,J"]
[Black "Arutyunova,D"]
[Result "0-1"]
[WhiteElo "2112"]
[BlackElo "2225"]
[EventDate "2002.11.15"]

1. e4 e6 2. d4 d5 3. Nd2 Nf6 4. e5 Nfd7 5. c3 c5 6. Bd3 Nc6 7. Ne2 cxd4 8.
cxd4 f6 9. Nf4 Nxd4 10. Qh5+ Ke7 11. Ng6+ hxg6 12. exf6+ Nxf6 13. Qxh8 Kf7
14. f4 Nh5 15. g3 e5 16. fxe5 Nf3+ 17. Kd1 Nxe5 18. Be2 Nf6 19. Rf1 Bf5 20.
Nb3 d4 21. Qh4 d3 22. Bf3 Nxf3 23. Rxf3 Qd5 24. Nd2 Rc8 25. g4 Be6 26. Qe1
Bxg4 27. h3 Qc6 28. Qf1 Qc2+ 29. Ke1 Re8+ 30. Kf2 Bxf3 31. Kxf3 Qc6+ 32.
Kf2 Re2+ 33. Kg3 Bd6+ 0-1

[Event "WYg14"]
[Site "Heraklio GRE"]
[Date "2002.11.21"]
[Round "7"]
[White "Siti,Z"]
[Black "Gunina,V"]
[Result "0-1"]
[WhiteElo "2019"]
[BlackElo "2146"]
[EventDate "2002.11.15"]

1. e4 e6 2. d3 d5 3. Qe2 Nf6 4. Nf3 c5 5. g3 Be7 6. Bg2 O-O 7. O-O Nc6 8.
e5 Nd7 9. c4 d4 10. h4 Rb8 11. Bf4 Qc7 12. Nbd2 a6 13. h5 b5 14. b3 a5 15.
g4 a4 16. Rab1 Ba6 17. g5 bxc4 18. bxc4 Rxb1 19. Rxb1 Rb8 20. Bh3 Rxb1+ 21.
Nxb1 Qb8 22. Nbd2 Nf8 23. Qd1 Qb4 24. Ne1 Qa3 25. Qf3 Bb7 26. Ne4 Na5 27.
Qe2 Nxc4 28. Nc2 Qxa2 29. dxc4 Qb1+ 30. Bf1 Bxe4 31. Qxe4 a3 32. Kg2 a2 33.
Bd3 Qxc2 34. Bxc2 a1=Q 35. Qb7 Bd8 36. Qc8 Qa5 37. Be4 Qc7 38. Qa8 f6 39.
gxf6 gxf6 40. Bh6 Nd7 41. exf6 Nb6 42. f7+ Kxf7 43. Qa3 Qe5 44. Bf3 Nd7 45.
Qd3 Nf6 46. Qb1 Bc7 47. Kf1 Qf5 48. Qb7 Ne8 49. Qc6 Ke7 50. Bd1 Qd3+ 51.
Ke1 Ba5+ 0-1

[Event "WYg14"]
[Site "Heraklio GRE"]
[Date "2002.11.21"]
[Round "7"]
[White "Ross,L"]
[Black "Olsen,M"]
[Result "1-0"]
[WhiteElo "2096"]
[BlackElo "1824"]
[EventDate "2002.11.15"]

1. e4 c5 2. Nf3 Nc6 3. d4 cxd4 4. Nxd4 e5 5. Nb5 d6 6. N1c3 a6 7. Na3 b5 8.
Nd5 Nce7 9. Bg5 h6 10. Bxb5+ axb5 11. Nxb5 Ra7 12. Nxa7 Qa5+ 13. c3 Qxa7
14. Be3 Qb7 15. Qa4+ Bd7 16. Qb3 Qxb3 17. axb3 Nxd5 18. exd5 f5 19. f3 Nf6
20. c4 Kf7 21. Ra8 g5 22. O-O Bg7 23. Rxh8 Bxh8 24. Rd1 f4 25. Bf2 e4 26.
Bd4 Bg7 27. Ra1 Bf5 28. fxe4 Bxe4 29. b4 Bf5 30. Ra7+ Nd7 31. Bxg7 Kxg7 32.
c5 Kf6 33. Ra6 1-0

[Event "WYg14"]
[Site "Heraklio GRE"]
[Date "2002.11.21"]
[Round "8"]
[White "Rogule,L"]
[Black "Khotenashvili,B"]
[Result "1-0"]
[WhiteElo "2213"]
[BlackElo "2119"]
[EventDate "2002.11.15"]

1. c4 e5 2. Nc3 d6 3. g3 g6 4. Bg2 Bg7 5. e4 Ne7 6. Nge2 c5 7. d3 Nbc6 8.
Be3 Nd4 9. h3 O-O 10. O-O h6 11. f4 f5 12. Qd2 Kh7 13. Kh2 Rb8 14. Rab1
fxe4 15. dxe4 Be6 16. Nd5 Nxd5 17. exd5 Bf5 18. Rbc1 Nxe2 19. Qxe2 exf4 20.
Bxf4 g5 21. Bxd6 Qxd6 22. Rxf5 Rxf5 23. Be4 Rbf8 24. Rf1 Qe5 25. Qc2 Qxb2
26. Bxf5+ Kh8 27. Qxb2 Bxb2 28. Kg2 Be5 29. g4 Kg7 30. Re1 Kf6 31. d6 h5
32. d7 hxg4 33. hxg4 Rh8 34. Kf3 b6 35. Ke4 Bc3 36. Rh1 Ke7 37. Rh5 Bf6 38.
Kd5 Kd8 39. Ke6 Rxh5 40. gxh5 Bd4 41. h6 Bc3 42. h7 Bd4 43. a4 Bc3 44. Kf7
a6 45. Kg8 1-0

[Event "WYg14"]
[Site "Heraklio GRE"]
[Date "2002.11.21"]
[Round "8"]
[White "Shmirina,E"]
[Black "Shen Yang"]
[Result "0-1"]
[WhiteElo "2048"]
[BlackElo "2038"]
[EventDate "2002.11.15"]

1. e4 e5 2. Nc3 Nc6 3. Bc4 Nf6 4. d3 Bc5 5. a3 a6 6. Be3 d6 7. Bxc5 dxc5 8.
Qd2 Qd6 9. h3 h6 10. Nf3 Nd4 11. Nxd4 cxd4 12. Nd5 Nd7 13. c3 c6 14. Nb4
dxc3 15. bxc3 Nc5 16. Rd1 O-O 17. O-O a5 18. Nc2 Na4 19. Bb3 Nc5 20. Ba2
Be6 21. Bxe6 Qxe6 22. Qe3 Na4 23. d4 Qb3 24. Rd2 Qxc3 25. dxe5 Qxe5 26. f4
Qc5 27. Rb1 b5 28. Qxc5 Nxc5 29. Rd6 Nxe4 30. Rxc6 Rfc8 31. Nd4 Nc3 32. Re1
b4 33. axb4 axb4 34. Rb6 Nd5 35. Rb7 Rc4 36. Nf3 Rxf4 37. Re2 Kf8 38. Ne5
g5 39. Rd2 Ne7 40. Rdd7 Re8 41. Nd3 Re4 42. Nxb4 Rc8 43. Nd5 Nxd5 44. Rxd5
Rf4 45. Rd2 Rc1+ 46. Kh2 Kg7 47. Rb6 Rff1 48. Kg3 h5 49. Rf2 Rc3+ 50. Rf3
h4+ 51. Kg4 Rfxf3 52. gxf3 f6 53. f4 Rc4 54. Kh5 Rxf4 55. Rb3 Kf7 56. Re3
Ra4 57. Rb3 Ke6 58. Re3+ Kf5 59. Rf3+ Rf4 60. Ra3 Rf1 61. Ra5+ Kf4 62. Ra4+
Kg3 63. Ra3+ Rf3 64. Ra4 Kxh3 65. Rg4 Rg3 66. Ra4 Kh2 67. Ra2+ Rg2 68. Ra6
Rf2 69. Kg4 h3 70. Ra1 Kg2 71. Ra3 Rf4+ 72. Kh5 h2 0-1